000 00861nam a2200325Ia 4500
001 A9323
003 IT-RoPAU
008 130308s9999 xx 000 0 und d
040 _aIT-RoPAU
040 _cIT-RoPAU
041 _aITALIANO
100 _aRodari Gianni
100 _gCodice Aut. SPICS: 1967
245 _aTamburino magico (Il)
245 _bTamburino magico (Il)
250 _a1a ed.
260 _aROMA
260 _bSampaolo Film Audiovisivi
260 _c1980 [1° Ed.:1980 - Ed.Ling.Originale:1980]
300 _a"47 p. (prefazione: no ; testo: 47 [pagine: 0-0])"
500 _aSceneggiatura. favole al Telefono.
650 _aAUTORI/OPERE DEL CINEMA
650 _eCodice materia Spics: 6807
700 _aGuerra Tonino
700 _gCodice Aut. SPICS: 5721
942 _cBK
957 _71
999 _c71927
_d71927
999 _bSI
999 _g1